000 00426nam a2200157Ia 4500
008 210719s2003 xx 000 0 und d
041 _aeng
082 _a001.64 SHAS
100 _aSHAH (Vivek Kumar)
245 _aStudents information system.
260 _aMangalore
_bDepartment of Computer Science St Aloysius College
_c2003
300 _a68
_bHB
365 _cRs
650 _aProject Reports
906 _aB C A Project
999 _c213895
_d213895